| 000 | 00814nam a22001937a 4500 | ||
|---|---|---|---|
| 005 | 20251108164015.0 | ||
| 008 | 250721s1986 xx 000 0 ara d | ||
| 082 | 1 | 4 | _a320.158/ندو |
| 100 | 1 | _aالعلي، صالح احمد | |
| 111 | 2 | _aندوة تطور الفكر القومي العربي ( 1985 : بغداد ) | |
| 245 | 1 | 0 |
_aتطور الفكر القومي العربي : _bبحوث و مناقشات الندوة الفكرية التي نظمها مركز دراسات الوحدة العربية بالتعاون مع ... / |
| 264 | 1 |
_aبيروت : _bمركز دراسات الوحدة العربية، _c1986. |
|
| 300 | _a407ص | ||
| 650 | 1 | 7 | _aالقومية العربية |
| 650 | 1 | 7 | _aالوحدة العربية |
| 700 | 1 | _aالنجار، مصطفى | |
| 942 |
_2ddc _cBK |
||
| 999 |
_c1253 _d1253 |
||